00000000nam 2200000zi 4500
0019.951342
003CaOODSP
00520250526101708
006m     o  d f      
007cr |n|||||||||
008250526t20002000oncac   ob   f001 0 eng d
020 |z0662289838
040 |aCaOODSP|beng|erda|cCaOODSP
043 |an-cn---
0861 |aCi51-93/2000E-PDF|zCi51-93/2000E
1001 |aKnowles, Valerie, |eauthor.
24510|aForging our legacy : |bCanadian citizenship and immigration, 1900-1977 / |cValerie Knowles.
264 1|a[Ottawa] : |bCitizenship and Immigration Canada, |c[2000]
264 4|c©2000
300 |a1 online resource (iv, 101 pages) : |billustrations, portraits
336 |atext|btxt|2rdacontent
337 |acomputer|bc|2rdamedia
338 |aonline resource|bcr|2rdacarrier
500 |aIssued also in French under title: Les artisans de notre patrimoine : la citoyenneté et l'immigration au Canada de 1900 à 1977.
504 |6Includes bibliographical references (pages 97-98) and index.
650 0|aCitizenship|zCanada.
651 0|aCanada|xEmigration and immigration|xHistory.
651 0|aCanada|xHistory.
7101 |aCanada. |bCitizenship and Immigration Canada, |eissuing body.
77508|tLes artisans de notre patrimoine : |w(CaOODSP)9.951348
7760#|tForging our legacy : |w(CaOODSP)9.647747
85640|qPDF|s2814 KB|uhttps://publications.gc.ca/collections/collection_2025/ircc/Ci51-93-2000-eng.pdf